000
00353nam a2200157Ia 4500
005
20250603145933.0
008
250603s9999 xx 000 0 und d
020
_a
0- 385- 49099- 2
050
_a
PS3557.R5355R35
100
_a
John Grisham
245
4
_a
The street lawyer
260
_b
Doubleday
260
_c
1998
300
_a
348 p
942
_c
BK
999
_c
43295
_d
43295